Aspects of evaluation and project appraisal (Record no. 351988)

000 -LEADER
fixed length control field 00434cam a22001337a 4500
008 - FIXED-LENGTH DATA ELEMENTS--GENERAL INFORMATION
fixed length control field 180718b1978 xxu||||| |||| 00| 0 eng d
082 ## - DEWEY DECIMAL CLASSIFICATION NUMBER
Classification number I57 P985
100 ## - MAIN ENTRY--PERSONAL NAME
Personal name Puttaswamaiah, K.
245 ## - TITLE STATEMENT
Title Aspects of evaluation and project appraisal
Statement of responsibility, etc. by K. Puttaswamaiah
260 ## - PUBLICATION, DISTRIBUTION, ETC.
Place of publication, distribution, etc. Bombay
Name of publisher, distributor, etc. Popular
Date of publication, distribution, etc. 1978
300 ## - PHYSICAL DESCRIPTION
Extent 84p.
650 ## - SUBJECT ADDED ENTRY--TOPICAL TERM
Topical term or geographic name entry element Evaluation research (Social action programs) --India
650 ## - SUBJECT ADDED ENTRY--TOPICAL TERM
Topical term or geographic name entry element Community development --Research --India
Holdings
Withdrawn status Lost status Damaged status Not for loan Permanent Location Current Location Date acquired Full call number Barcode Date last seen Price effective from Koha item type
        Indian Institute of Public Administration Indian Institute of Public Administration 1993-11-18 I57 P985 54029 2018-07-21 2018-07-21 Book

Powered by Koha